<?xml version="1.0" encoding="UTF-8"?>
<record
    xmlns:xsi="http://www.w3.org/2001/XMLSchema-instance"
    xsi:schemaLocation="http://www.loc.gov/MARC21/slim http://www.loc.gov/standards/marcxml/schema/MARC21slim.xsd"
    xmlns="http://www.loc.gov/MARC21/slim">

  <leader>03528nam a2200565Ia 4500</leader>
  <controlfield tag="001">700</controlfield>
  <controlfield tag="008">241029s9999    xx            000 0 und d</controlfield>
  <datafield tag="010" ind1=" " ind2=" ">
    <subfield code="a">629</subfield>
  </datafield>
  <datafield tag="041" ind1=" " ind2=" ">
    <subfield code="a">Espa&#xF1;ol</subfield>
  </datafield>
  <datafield tag="082" ind1=" " ind2=" ">
    <subfield code="a">NO APLICA</subfield>
  </datafield>
  <datafield tag="245" ind1=" " ind2="0">
    <subfield code="a">&#xC9;tica profesional del personal de enfermer&#xED;a del Hospital Ing. Luis L. Bogart, Mao, Valverde 2011-2012</subfield>
  </datafield>
  <datafield tag="260" ind1=" " ind2=" ">
    <subfield code="a">Valverde</subfield>
  </datafield>
  <datafield tag="300" ind1=" " ind2=" ">
    <subfield code="a">68</subfield>
  </datafield>
  <datafield tag="520" ind1=" " ind2=" ">
    <subfield code="a">29</subfield>
  </datafield>
  <datafield tag="630" ind1=" " ind2=" ">
    <subfield code="a">Curr&#xED;culo</subfield>
  </datafield>
  <datafield tag="630" ind1=" " ind2=" ">
    <subfield code="a">Educaci&#xF3;n</subfield>
  </datafield>
  <datafield tag="630" ind1=" " ind2=" ">
    <subfield code="a">Egresados</subfield>
  </datafield>
  <datafield tag="630" ind1=" " ind2=" ">
    <subfield code="a">Inserci&#xF3;n Laboral</subfield>
  </datafield>
  <datafield tag="650" ind1=" " ind2=" ">
    <subfield code="a">Educaci&#xF3;n en Valores</subfield>
  </datafield>
  <datafield tag="690" ind1=" " ind2=" ">
    <subfield code="a">Elaborado</subfield>
  </datafield>
  <datafield tag="700" ind1=" " ind2=" ">
    <subfield code="e">asesor</subfield>
    <subfield code="a">Chacon Arteaga, Nancy</subfield>
  </datafield>
  <datafield tag="700" ind1=" " ind2=" ">
    <subfield code="e">autor</subfield>
    <subfield code="a">Reynoso Veras, Yudys Yaquelin</subfield>
  </datafield>
  <datafield tag="700" ind1=" " ind2=" ">
    <subfield code="e">autor</subfield>
    <subfield code="a">Nova Vasquez, Luisa Purisima Yudelki</subfield>
  </datafield>
  <datafield tag="901" ind1=" " ind2=" ">
    <subfield code="a">{"1":"Reynoso Veras","2":"Nova Vasquez"}</subfield>
    <subfield code="b">{"1":"Yudys Yaquelin","2":"Luisa Purisima Yudelki"}</subfield>
  </datafield>
  <datafield tag="902" ind1=" " ind2=" ">
    <subfield code="a">1</subfield>
  </datafield>
  <datafield tag="903" ind1=" " ind2=" ">
    <subfield code="a">{"1":"Chacon Arteaga"}</subfield>
    <subfield code="b">{"1":"Nancy"}</subfield>
  </datafield>
  <datafield tag="904" ind1=" " ind2=" ">
    <subfield code="a">M&#xE1;ster en</subfield>
  </datafield>
  <datafield tag="905" ind1=" " ind2=" ">
    <subfield code="a">Educaci&#xF3;n Superior</subfield>
  </datafield>
  <datafield tag="906" ind1=" " ind2=" ">
    <subfield code="a">2</subfield>
  </datafield>
  <datafield tag="907" ind1=" " ind2=" ">
    <subfield code="a">NO APLICA</subfield>
  </datafield>
  <datafield tag="908" ind1=" " ind2=" ">
    <subfield code="a">NO APLICA</subfield>
  </datafield>
  <datafield tag="909" ind1=" " ind2=" ">
    <subfield code="a">Universidad Aut&#xF3;noma de Santo Domingo (UASD)</subfield>
  </datafield>
  <datafield tag="910" ind1=" " ind2=" ">
    <subfield code="a">NULL</subfield>
    <subfield code="b">NULL</subfield>
  </datafield>
  <datafield tag="911" ind1=" " ind2=" ">
    <subfield code="a">["1"]</subfield>
  </datafield>
  <datafield tag="912" ind1=" " ind2=" ">
    <subfield code="a">NO APLICA</subfield>
  </datafield>
  <datafield tag="913" ind1=" " ind2=" ">
    <subfield code="a">NULL</subfield>
  </datafield>
  <datafield tag="914" ind1=" " ind2=" ">
    <subfield code="a">01 de Enero de 2012</subfield>
  </datafield>
  <datafield tag="915" ind1=" " ind2=" ">
    <subfield code="a">01/07/15 03:07</subfield>
  </datafield>
  <datafield tag="916" ind1=" " ind2=" ">
    <subfield code="a">NULL</subfield>
  </datafield>
  <datafield tag="917" ind1=" " ind2=" ">
    <subfield code="a">NULL</subfield>
  </datafield>
  <datafield tag="918" ind1=" " ind2=" ">
    <subfield code="a">NO APLICA</subfield>
  </datafield>
  <datafield tag="919" ind1=" " ind2=" ">
    <subfield code="a">["52","72","85","120"]</subfield>
  </datafield>
  <datafield tag="520" ind1=" " ind2=" ">
    <subfield code="a">Como prop&#xF3;sito general la investigaci&#xF3;n plantea contribuir y fortalecer los valores y principios &#xE9;ticos y morales de las enfermeras del Hospital Ing. Luis L. Bogaert y ofrecer propuestas metodol&#xF3;gicas que produzcan cambios que les permitan socializarse con los dem&#xE1;s miembros de la salud y la sociedad.La poblaci&#xF3;n objeto de estudio de esta investigaci&#xF3;n se constituy&#xF3; por 41 profesionales de enfermer&#xED;a y 20 pacientes de salas de internamientos. Se trabaj&#xF3; con una muestra al azar de 10 enfermeras y 10 pacientes del Hospital Ing. Luis L. Bogaert de Mao Valverde a los cuales se les aplico un cuestionario con respuestas de 5 escalas.Dentro de las conclusiones se desataca que el estudio de la &#xC9;tica profesional de enfermer&#xED;a tiene una trascendental importancia, por el papel y la funci&#xF3;n social asistencial de este personal, la confianza que los pacientes depositan en ellos as&#xED; como sus familiares, pero en especial los m&#xE9;dicos quienes se apoyan en su labor para el cuidado, cura y seguimiento de la evoluci&#xF3;n de los pacientes. El diagn&#xF3;stico realizado posibilit&#xF3; precisar las evidencias de las fortalezas y debilidades que existen en esta labor, permitiendo elaborar una propuesta pedag&#xF3;gica para contribuir a fortalecer este importante aspecto del trabajo de enfermer&#xED;a. La propuesta pedag&#xF3;gica de los Talleres de capacitaci&#xF3;n para las enfermeras y enfermeros de la regi&#xF3;n, es una modesta contribuci&#xF3;n a fomentar la preparaci&#xF3;n &#xE9;tica de este personal y a la mejora de la profesionalidad en el desempe&#xF1;o de su labor.La investigaci&#xF3;n sugiere que se aplique la propuesta de capacitaci&#xF3;n y promoci&#xF3;n de la &#xE9;tica profesional, trabajo en equipo, humanizaci&#xF3;n del cuidado al usuario y administraci&#xF3;n de medicamentos en coordinaci&#xF3;n con las autoridades regionales y del hospital. Se recomienda tambi&#xE9;n realizar jornadas de reforzamiento mediante el programa de educaci&#xF3;n permanente sobre el cumplimiento de administraci&#xF3;n de medicamentos en horario correcto sobre la &#xE9;tica y principios morales.</subfield>
  </datafield>
  <datafield tag="921" ind1=" " ind2=" ">
    <subfield code="a">16</subfield>
  </datafield>
  <datafield tag="922" ind1=" " ind2=" ">
    <subfield code="a">16</subfield>
  </datafield>
  <datafield tag="923" ind1=" " ind2=" ">
    <subfield code="a">0</subfield>
  </datafield>
  <datafield tag="924" ind1=" " ind2=" ">
    <subfield code="a">NO APLICA</subfield>
  </datafield>
  <datafield tag="942" ind1=" " ind2=" ">
    <subfield code="c">Tesis</subfield>
  </datafield>
  <datafield tag="999" ind1=" " ind2=" ">
    <subfield code="c">629</subfield>
    <subfield code="d">629</subfield>
  </datafield>
</record>
